Hamilton Lyrics Sort #20 - Yorktown (The World Turned Upside Down) - Statistics

General Stats
  • This quiz has been taken 8 times
  • The average score is 37 of 87
Answer Stats
Hint Answer % Correct
Line 5 How you say, no sweat
100%
Line 2 Monsieur Hamilton
100%
Line 3 Monsieur Lafayette
100%
Line 1 The Battle of Yorktown, 1781
100%
Line 4 In command where you belong
88%
Line 9 I go back to France
75%
Line 7 Immigrants, we get the job done
75%
Line 6 Finally on the field, we've had quite a run
63%
Line 13 Go lead your men
63%
Line 10 I bring freedom to my people
63%
Line 11 If I'm given the chance
63%
Line 8 So what happens if we win?
63%
Line 15 Til we meet again, let's go!
63%
Line 12 We'll be with you when you do
63%
Line 43 And so the American experiment begins
50%
Line 18 Hey yo, I'm just like my country
50%
Line 75 I hear the drinking song they're singing
50%
Line 48 Lafayette is there waiting in Chesapeake Bay!
50%
Line 45 Laurens is in South Carolina, redefining bravery
50%
Line 63 After a week of fighting, a young man in a redcoat stands on a parapet
38%
Line 74 And as our fallen foes retreat
38%
Line 20 And I'm not throwin' away my shot!
38%
Line 65 And just like that, it's over, we tend to our wounded, we count our dead
38%
Line 36 Another day
38%
Line 52 A tailor spyin' on the British government!
38%
Line 66 Black and white soldiers wonder alike if this really means freedom
38%
Line 84 Down, down, down [3]
38%
Line 51 Hercules Mulligan!
38%
Line 58 Hercules Mulligan, I need no introduction
38%
Line 49 How did we know that this plan would work?
38%
Line 16 I am not throwin' away my shot! [1]
38%
Line 17 I am not throwin' away my shot! [2]
38%
Line 26 If this is the end of me, at least I have a friend with me
38%
Line 24 I imagine death so much, it feels more like a memory
38%
Line 19 I'm young scrappy and hungry
38%
Line 69 I see George Washington smile
38%
Line 14 I see you on the other side
38%
Line 53 I take their measurements, information and then I smuggle it! (Up)
38%
Line 39 It's either that or meet the business end of a bayonet
38%
Line 29 Not only that, my Eliza's expecting
38%
Line 67 Not yet
38%
Line 41 (Rochambeau!)
38%
Line 56 See, that's what happens when you up against the ruffians
38%
Line 72 Tens of thousands of people flood the streets
38%
Line 33 The bullets out your gun! (What?)
38%
Line 40 The code word is "Rochambeau", dig me?
38%
Line 28 Then I remember my Eliza's expecting me
38%
Line 73 There are screams and church bells ringing
38%
Line 76 The world turned upside down [1]
38%
Line 77 The world turned upside down [2]
38%
Line 78 The world turned upside down [3]
38%
Line 79 The world turned upside down [4]
38%
Line 87 The world turned upside down! [5]
38%
Line 71 They stagger home single file
38%
Line 25 This is where it gets me, on my feet the enemy ahead of me
38%
Line 35 Through the night, we have one shot to live
38%
Line 22 Til the world turns upside down [1]
38%
Line 23 Til the world turns upside down! [2]
38%
Line 27 Weapon in my hand, a command, and my men with me
38%
Line 37 We cannot let a stray gunshot give us away
38%
Line 70 We escort their men out of Yorktown
38%
Line 30 We gotta go, gotta get the job done
38%
Line 50 We had a spy on the inside, that's right
38%
Line 57 We in the shit now, somebody gotta shovel it!
38%
Line 46 We'll never be free until we end slavery!
38%
Line 64 We lower our guns as he frantically waves a white handkerchief
38%
Line 34 We move undercover and we move as one
38%
Line 68 We negotiate the terms of surrender
38%
Line 38 We will fight up close, seize the moment and stay in it
38%
Line 85 We won! (We won!) [1]
38%
Line 86 We won! (We won!) [2]
38%
Line 47 When we finally drive the British away
38%
Line 59 When you knock me down I get the fuck back up again!
38%
Line 44 With my friends all scattered to the winds
38%
Line 42 You have your orders now, go, man, go!
38%
Line 82 Down, down, down [2]
25%
Line 80 Down, down, down, down [1]
25%
Line 81 Freedom for America, freedom for France!
25%
Line 31 Gotta start a new nation, gotta meet my son! [1]
25%
Line 83 Gotta start a new nation, gotta meet my son [2]
25%
Line 21 I am not throwin' away my shot! [3]
25%
Line 55 I'm runnin' with the Sons of Liberty and I am lovin' it!
25%
Line 32 Take the bullets out your gun! (What?)
25%
Line 54 To my brother's revolutionary covenant
25%
Line 61 Go!
13%
Line 60 Left! Right! Hold!
13%
Line 62 What? What? What?
13%
No matching quizzes found
Score Distribution
Percent of People with Each Score
Percentile by Number Answered
Your Score History
You have not taken this quiz